[Event "Ch France (team) (nat.2) 2004/05"]
[Site "masterchessopen.com France"]
[Round "4"]
[White "Mohandesi Shahin (IRI)"]
[Black "Touboulic Julien (FRA)"]
[Result "1-0"]
[WhiteElo "2332"]
[BlackElo "2138"]

1.d4 Nf6 2.c4 g6 3.Nc3 d5 4.Bf4 Bg7 5.e3 O-O 6.cxd5 Nxd5 7.Nxd5 Qxd5 8.Bxc7
Nc6 9.Ne2 Bg4 10.f3 Bxf3 11.gxf3 Qxf3 12.Rg1 Qxe3 13.Bf4 Qe4 14.Bg2 Qf5
15.Bxc6 bxc6 16.Qd2 Qd5 17.a3 c5 18.dxc5 Qxc5 19.Rc1 Qb6 20.b4 Rfd8 21.Qe3
Qxe3 22.Bxe3 Rd3 23.Bc5 Rxa3 24.Bxe7 Re8 25.Bc5 f5 26.Rg3 Ra4 27.Kf1 f4
28.Nxf4 Bh6 29.Rc4 a5 30.Rf3 axb4 31.Rxb4 Rxb4 32.Bxb4 Re4 33.Nd5 Bg5 34.Bc3
Re6 35.Kf2 Rd6 36.Rd3 h5 37.Kf3 Kf7 38.Be5 Ra6 39.Ke4 Ra4+ 40.Bd4 Ra2 41.Rf3+
Ke6 42.Rg3 Re2+ 43.Kd3 Rd2+ 44.Kc3 Bh6 45.Ne3 {#r} 1-0

[Event "It (blitz) ACP (Prelim4)"]
[Site "masterchessopen.com Internet"]
[Date "2004.04.15"]
[Round "8"]
[White "Golod Vitali (ISR)"]
[Black "Shipov Sergei (RUS)"]
[Result "0-1"]
[WhiteElo "2554"]
[BlackElo "2588"]

1.d4 Nf6 2.c4 g6 3.Nc3 d5 4.Bf4 Bg7 5.e3 O-O 6.cxd5 Nxd5 7.Nxd5 Qxd5 8.Bxc7
Na6 9.Bxa6 bxa6 10.Qf3 Qb5 11.Qe2 Qb7 12.Rc1 Qxg2 13.Qf3 Bb7 14.Qxg2 Bxg2
15.f3 Bxh1 16.Kf2 Rac8 17.Ne2 Bf6 18.Rc5 Bh4+ 19.Bg3 Rxc5 20.dxc5 Bf6 21.b4
Rc8 22.Bf4 a5 {#R} 0-1

[Event "It (blitz) ACP (final)"]
[Site "masterchessopen.com Internet"]
[Date "2004.04.17"]
[Round "2"]
[White "Dreev Alexey (RUS)"]
[Black "Shipov Sergei (RUS)"]
[Result "1-0"]
[WhiteElo "2698"]
[BlackElo "2588"]

{ Dreev Alexey (RUS) +1 =0 -0 } 1.d4 Nf6 2.c4 g6 3.Nc3 d5 4.Bf4 Bg7 5.e3 O-O
6.cxd5 Nxd5 7.Nxd5 Qxd5 8.Bxc7 Na6 { ?/= } 9.Bxa6 bxa6 10.Nf3 Bf5 11.Qb3 Qc6 (
11...Qxb3 12.axb3 Rfc8 13.Ba5 Rab8 14.Nd2 e5 15.e4 Bd7 16.d5 Bb5 17.Bc3 f5
18.f3 Bd3 19.Kf2 fxe4 20.Nxe4 Rd8 21.Ra5 Rb5 22.Rxa6 Rbxd5 23.Rxa7 Bxe4
24.fxe4 Rd3 25.Rha1 { 1-0, Lputian Smbat G 2520 - Yermolinsky Alex 2445 ,
Novosibirsk 1986 Tournament } ) 12.Bg3 ( 12.Qc3 Qb5 13.Qb3 Qc6 14.Bg3 Be4
15.O-O Rfc8 16.Qa3 Bxf3 17.gxf3 Qxf3 18.Qxe7 Rc2 19.Rfc1 Rxb2 20.Qd6 Rf8
21.Qxa6 h5 22.Qc6 Qg4 23.Qg2 Re8 24.Rc7 Bh6 25.Qd5 Rf8 26.Kh1 h4 27.Bd6 Rd2
28.Rf1 Rd1 29.Rc1 Rxf1+ 30.Rxf1 Qd7 31.Rg1 Kh7 { ...1/2-1/2, Lputian Smbat G
2520 - Gavrikov Viktor 2550 , Irkutsk 1986 Ch URS (1 liga) } ) 12...Be4 (
12...Rfc8 13.O-O Be4 14.Qa3 e6 15.b3 Bf8 16.Qa5 Bxf3 17.gxf3 Qxf3 18.Qxa6 Rc6
19.Qb7 Rac8 20.Rac1 a5 21.Qxc8 Rxc8 22.Rxc8 Kg7 23.Rfc1 h5 24.Be5+ f6 25.R1c7+
Kg8 26.Bd6 Qd1+ 27.Kg2 Qg4+ { 1/2-1/2, Chekhov Valery A 2535 - Najer Evgeniy
2480 , Moscow 1996 Cup Russia (open) } ) 13.O-O Rfc8 14.Qa3 Bf8 { N } (
14...e6 15.b3 Bf8 16.Qa5 Bxf3 ( 16...f6 17.Ne1 { +0.18 CAP } ) ( 16...Qb7
17.Rac1 Bb4 18.Qg5 Bd3 19.Rxc8+ Rxc8 20.Ra1 Be7 21.Qf4 Qc6 22.h4 f6 23.Kh2 Qd5
24.Rd1 Bf5 25.Nd2 g5 26.hxg5 fxg5 27.Qf3 Bc2 28.Rc1 Qxf3 29.Nxf3 Ba3 30.Re1
Bb4 31.Rg1 h6 32.Ne5 a5 33.f3 Bh7 34.Nc4 { ...1-0, Yakovich Yuri 2450 - Kamsky
Gata 2380 , Barnaul 1988 Ch URS (qual) } ) 17.gxf3 Qxf3 18.Qxa6 Rc6 19.Qb7
Rac8 20.Rac1 a5 21.Qxc8 Rxc8 22.Rxc8 Kg7 23.Rfc1 h5 24.Be5+ f6 25.R1c7+ Kg8
26.Bd6 Qd1+ 27.Kg2 Qg4+ { 1/2-1/2, Chekhov Valery A 2535 - Najer Evgeniy 2480
, Moscow 1996 Cup Russia (open) } ) ( 14...Bxf3 15.gxf3 Qxf3 16.Qxe7 Rc2
17.Rfc1 Rxb2 18.Qd6 Rf8 19.Qxa6 h5 20.Qc6 Qg4 21.Qg2 Re8 22.Rc7 Bh6 23.Qd5 Rf8
24.Kh1 h4 25.Bd6 Rd2 26.Rf1 Rd1 27.Rc1 Rxf1+ 28.Rxf1 Qd7 29.Rg1 Kh7 30.e4 Rd8
31.e5 Bf8 32.Qe4 Bxd6 33.Qxh4+ Kg8 34.exd6 { ...1/2-1/2, Lputian Smbat G 2520
- Gavrikov Viktor 2550 , Irkutsk 1986 Ch URS (1 liga) } ) 15.Ne5 { +0.85 CAP }
15...Qb5 16.f3 Bc2 17.b3 f6 18.Nc4 e5 19.Qc1 Bd3 20.dxe5 Bxf1 21.Qxf1 fxe5
22.Bxe5 Re8 23.f4 Rad8 24.h4 a5 25.h5 a4 26.hxg6 hxg6 27.Qb1 Re6 28.Qe4 { ?! }
( 28.Qc2 { !? } 28...Be7 29.Rf1 axb3 30.axb3 { } ) 28...axb3 29.axb3 a6 { ? }
( { ? } 29...Qxb3 30.Rxa7 Qd1+ 31.Kh2 Qh5+ { } ) 30.Rb1 { ?! } ( 30.f5 { !? }
30...gxf5 31.Qh4 Rd5 32.Qg5+ { } ) 30...Qd5 { ?! } ( 30...Bg7 { !? } 31.Qf3
Bxe5 32.Qg4 Rde8 { } ) 31.Qxd5 Rxd5 32.Kf2 Rb5 33.Kf3 Rc6 34.Rh1 Bg7 35.Rd1
Bxe5 36.Nxe5 Re6 37.Rd8+ Kg7 38.Rd7+ Kg8 39.Rd8+ Kg7 40.Rd7+ Kf8 41.Rd3 Ke8
42.Nc4 Rc6 { ? } ( { ? } 42...Ke7 43.e4 Rf6 44.Ne3 Rf7 { } ) 43.Nd6+ Ke7
44.Nxb5 axb5 45.Rd5 Rb6 46.b4 Kf6 47.Rc5 Kf7 48.g4 Kf6 49.g5+ Kf7 50.e4 Ke6
51.f5+ Kf7 52.Kf4 Kf8 53.f6 Kf7 54.e5 Ke6 55.Ke4 Ra6 56.Rc7 Rb6 57.Re7# { }
1-0

[Event "It (blitz) ACP (final)"]
[Site "masterchessopen.com Internet"]
[Date "2004.04.17"]
[Round "3"]
[White "Dreev Alexey (RUS)"]
[Black "Svidler Peter (RUS)"]
[Result "0-1"]
[WhiteElo "2698"]
[BlackElo "2735"]

{ Dreev Alexey (RUS) +1 =0 -0 Svidler Peter (RUS) +0 =1 -0 } 1.d4 Nf6 2.c4 g6
3.Nc3 d5 4.Bf4 Bg7 5.e3 O-O 6.cxd5 Nxd5 7.Nxd5 Qxd5 8.Bxc7 Na6 { ?/= } (
8...Bf5 9.Ne2 Rc8 10.Nf4 Qd7 11.Ba5 e5 12.dxe5 Bxe5 13.Qxd7 Nxd7 14.Bd3 Bxb2
15.Rb1 Bxd3 16.Nxd3 Bc3+ 17.Bxc3 Rxc3 18.Rb3 Rc2 19.O-O b6 20.Nb4 Rc4 21.Nd5
Ra4 22.Nc3 Ra5 23.Rd1 Nc5 24.Rb2 Rc8 25.Kf1 Ne6 26.Nb5 Rc5 27.Nd4 Rd5 28.Ke2 {
...1/2-1/2, Zakharevich Igor 2520 - Svidler Peter 2710 , Maikop 1998 Ch Russia
(club) } ) 9.Bxa6 bxa6 10.Nf3 Qb7 11.Be5 ( 11.Bg3 Qxb2 12.O-O Bf5 13.Qc1 Qb6
14.Qa3 e6 15.Rfc1 Rfc8 16.Bd6 Qb5 17.h3 Be4 18.Nd2 Bb7 19.Bc5 e5 20.Rab1 Qd7
21.Qb2 Rc7 22.dxe5 Rac8 23.Bd4 Bd5 24.Nb3 Bf8 25.Rxc7 Rxc7 26.Rc1 Rxc1+
27.Nxc1 a5 28.Qb8 Qc6 29.Nd3 Qb7 30.Qd8 Qa8 { ...1-0, Schmidt Wlodzimierz 2480
- Swic Waldemar 2365 , Poznan 1984 Ch Poland } ) ( 11.Bf4 Qxb2 12.O-O Bf5
13.Qd2 Qa3 14.Rfc1 Rfc8 15.Bc7 Be4 16.Ne1 g5 17.Rc3 Qb4 18.a3 Qb7 19.Rac1 g4
20.Rc5 e6 21.Qb4 Qxb4 22.axb4 Bf8 23.Bd6 Rd8 24.Bxf8 Kxf8 25.f3 gxf3 26.gxf3
Bg6 27.Kf2 Rdb8 28.R1c4 Bb1 29.Ra5 Rb6 30.Ra1 Bg6 { ...1-0, Vernersson Per
2353 - Dzevlan Miralem 2435 , Sweden 1999 Ch Sweden (team) 1998/99 } )
11...Bxe5 ( 11...f6 12.Bg3 Qxb2 { -0.04 CAP } ) 12.Nxe5 ( 12.dxe5 { +0.56 CAP
} ) 12...Qxg2 ( 12...Bh3 13.Qf3 Qb4+ 14.Kf1 Qxb2 15.Rd1 Be6 16.Qe2 Qb7 17.f3
Rac8 18.Kf2 Rc3 19.Rd2 Rfc8 20.Rhd1 f6 21.d5 fxe5 22.dxe6 Qb6 23.Rd3 Qxe6
24.Rxc3 Rxc3 25.Qb2 Rc4 26.Rd2 Kf7 27.Qb3 Qc6 28.Qa3 Rc5 29.Qd3 Rc3 30.Qb1 Qc4
31.Qb7 Qh4+ 32.Ke2 { ...1-0, Santolini Luigi 2235 - Djuric Stefan 2540 , Brno
1991 Cup Mitropa } ) 13.Qf3 Qxf3 14.Nxf3 Rb8 ( 14...Bb7 15.Ke2 Rfc8 16.Rhc1 f6
17.Ne1 Bd5 18.b3 a5 19.Kd2 Kf7 20.Nd3 g5 21.Rc5 Rxc5 22.Nxc5 f5 23.Rc1 Rc8
24.Rc3 Rc6 25.Na4 Rh6 26.Rc5 e6 27.Nc3 Bf3 28.e4 f4 29.d5 exd5 30.Rc7+ Ke8
31.exd5 Rxh2 32.Kd3 g4 33.d6 g3 34.fxg3 { ...0-1, Kluger Gyula 2250 - Honfi
Karoly 2365 , Budapest 1957 Ch Hungary } ) 15.b3 { -0.15 CAP } 15...Bb7 { N }
( 15...Rb5 16.Ne5 f6 17.Nd3 Bb7 18.Rg1 Rh5 19.Rc1 Rc8 20.Ke2 Rxh2 21.Nc5 Bc6
22.e4 Kf7 23.Ke3 a5 24.d5 Be8 25.Ne6 Bd7 26.Rxc8 Bxc8 27.Nd8+ Ke8 28.Nc6 Rh3+
29.f3 g5 30.Kf2 h5 31.Nxa7 Bd7 32.a4 Rh2+ 33.Ke3 Rb2 34.Nc6 Rxb3+ 35.Kd4 {
...0-1, Dozsa Paul 2230 - Honfi Karoly 2365 , Budapest 1962 Ch Hungary } )
16.Ke2 a5 17.Rhc1 Rfc8 18.Ne5 Ba6+ 19.Kd2 a4 20.Nd7 Rxc1 21.Rxc1 Rb5 22.Nc5
axb3 23.axb3 { ?! } ( 23.Nxa6 { !? } 23...bxa2 24.Ra1 Rb2+ 25.Kd3 { } )
23...Bc8 24.Kc3 Rb6 { ?! } ( 24...a5 { !? } 25.Ra1 h5 26.Kc4 Rb4+ { } ) 25.Ra1
a6 26.Ra5 Kf8 27.f4 Ke8 28.h4 Kd8 29.e4 Rf6 30.Nd3 Rc6+ 31.Rc5 Rxc5+ 32.Nxc5
f6 33.e5 h6 34.e6 Kc7 35.d5 g5 { ? } ( 35...a5 36.Ne4 Kd8 37.Kd4 Ba6 { } )
36.fxg5 fxg5 37.hxg5 hxg5 38.b4 g4 39.Ne4 Kb6 { ! } ( 39...Kd8 40.Kc4 Ke8
41.Kc5 Kf8 { } ) 40.Kd4 a5 { ?! } ( 40...Kb5 { !? } 41.Kc3 Kb6 42.Kd3 a5 { } )
41.bxa5+ Kxa5 42.Ng3 { ?! } ( 42.d6 { !? } 42...exd6 43.e7 Bd7 44.Kd5 { } )
42...Kb6 43.Nf5 Kc7 44.Ke5 Bb7 { ?? } ( { ? } 44...Kd8 45.Ne3 g3 46.Kf4 Kc7 {
} ) 45.Nxe7 g3 46.d6+ Kb6 47.d7 Kc7 48.Nf5 { ?? } ( { ? } 48.Kf6 g2 49.Nd5+
Bxd5 50.Ke7 { } ) 48...g2 { } {#R} 0-1

[Event "It (open)"]
[Site "masterchessopen.com Znojmo (Czech Republic)"]
[Date "2004.05.18"]
[Round "4"]
[White "Meins Gerlef (GER)"]
[Black "Svanda Josef (CZE)"]
[Result "1-0"]
[WhiteElo "2440"]
[BlackElo "2157"]

1.d4 Nf6 2.c4 g6 3.Nc3 d5 4.Bf4 Bg7 5.e3 O-O 6.cxd5 Nxd5 7.Nxd5 Qxd5 8.Bxc7
Nc6 9.Ne2 b6 10.Nc3 Qd7 11.Bg3 Rd8 12.Be2 e5 13.d5 Ne7 14.e4 f5 15.f3 g5
16.O-O h5 17.Rc1 h4 18.Bf2 Ng6 19.Nb5 Nf4 20.Rc7 Qe8 21.Rxg7+ Kxg7 22.Nc7 Qf7
23.Nxa8 Bb7 24.Nxb6 axb6 25.Bxb6 Rd6 26.Bc5 Nxe2+ 27.Qxe2 Ba6 28.Qd2 fxe4
29.Bxd6 Qa7+ 30.Kh1 e3 31.Bxe5+ Kh6 32.Qd4 Qxd4 33.Bxd4 Bxf1 34.Bxe3 h3 35.d6
hxg2+ 36.Kg1 Bb5 37.Kxg2 Kg6 38.Kg3 Kf5 39.h3 Ke5 40.Bxg5 {#r} 1-0

[Event "Ch Europe"]
[Site "masterchessopen.com Antalya (Turkey)"]
[Date "2004.05.20"]
[Round "5"]
[White "Chatalbashev Boris (BUL)"]
[Black "Kristjansson Stefan (ISL)"]
[Result "1-0"]
[WhiteElo "2554"]
[BlackElo "2444"]

{ } 1.d4 { 1 } 1...Nf6 2.c4 g6 3.Nc3 d5 4.Bf4 Bg7 5.e3 O-O 6.cxd5 Nxd5 7.Nxd5
Qxd5 8.Bxc7 Na6 { ?/= } 9.Bxa6 bxa6 10.Nf3 Qb7 11.Bf4 ( 11.Bg3 Qxb2 12.O-O Bf5
13.Qc1 Qb6 14.Qa3 e6 15.Rfc1 Rfc8 16.Bd6 Qb5 17.h3 Be4 18.Nd2 Bb7 19.Bc5 e5
20.Rab1 Qd7 21.Qb2 Rc7 22.dxe5 Rac8 23.Bd4 Bd5 24.Nb3 Bf8 25.Rxc7 Rxc7 26.Rc1
Rxc1+ 27.Nxc1 a5 28.Qb8 Qc6 29.Nd3 Qb7 30.Qd8 Qa8 { ...1-0, Schmidt
Wlodzimierz 2480 - Swic Waldemar 2365 , Poznan 1984 Ch Poland } ) ( 11.Be5
Bxe5 12.Nxe5 Bh3 13.Qf3 Qb4+ 14.Kf1 Qxb2 15.Rd1 Be6 16.Qe2 Qb7 17.f3 Rac8
18.Kf2 Rc3 19.Rd2 Rfc8 20.Rhd1 f6 21.d5 fxe5 22.dxe6 Qb6 23.Rd3 Qxe6 24.Rxc3
Rxc3 25.Qb2 Rc4 26.Rd2 Kf7 27.Qb3 Qc6 28.Qa3 Rc5 29.Qd3 Rc3 30.Qb1 Qc4 {
...1-0, Santolini Luigi 2235 - Djuric Stefan 2540 , Brno 1991 Cup Mitropa } )
11...Qxb2 12.O-O Be6 { } ( 12...Bf5 13.Qd2 Qa3 14.Rfc1 Rfc8 15.Bc7 Be4 16.Ne1
g5 17.Rc3 Qb4 18.a3 Qb7 19.Rac1 g4 20.Rc5 e6 21.Qb4 Qxb4 22.axb4 Bf8 23.Bd6
Rd8 24.Bxf8 Kxf8 25.f3 gxf3 26.gxf3 Bg6 27.Kf2 Rdb8 28.R1c4 Bb1 29.Ra5 Rb6
30.Ra1 Bg6 31.e4 f5 32.Ke3 { ...1-0, Vernersson Per 2353 - Dzevlan Miralem
2435 , Sweden 1999 Ch Sweden (team) 1998/99 } ) 13.Qc1 { N } ( 13.Qa4 Rfc8
14.Rfb1 Qe2 15.Re1 Qb5 16.Qa3 Bf8 17.Reb1 Qe2 18.Re1 Qb5 19.Reb1 Qe2 20.Re1 {
1/2-1/2, Da Silva Rocha A - Najdorf Miguel 2445 , Buenos Aires 1939 Olympiad }
) 13...Qxc1 14.Rfxc1 Rac8 15.Bc7 Bd5 16.Rc5 Rfe8 17.Rxd5 Rxc7 18.Ra5 Rb8
19.Rxa6 Rb2 20.Rf1 e6 21.g4 Kf8 22.Kg2 Ke8 23.Kg3 Kd8 24.Ng5 h6 25.Ne4 Bf8
26.Rd1 Rb5 27.Rd3 Be7 28.Nc3 Rb6 29.Rxb6 axb6 30.d5 Rd7 31.e4 Bf6 32.Nb5 g5
33.f4 gxf4+ 34.Kxf4 Bb2 35.Rb3 Ba1 36.Rb1 Bg7 37.d6 f6 38.Rc1 Bf8 39.e5 Bg7
40.exf6 Bxf6 41.Re1 Bg5+ { ?! } ( 41...Rf7 { !? } 42.Rxe6 Kd7 43.Re2 Kc6 { } )
42.Ke5 Rg7 43.Kxe6 Bh4 44.Rf1 Rg6+ 45.Kd5 Rxg4 46.Nd4 Rg5+ 47.Kc6 Rc5+ 48.Kxb6
Rc3 49.Rf3 Rc1 50.Nb5 Kd7 51.Rf7+ Ke6 52.Rh7 Bg5 53.a4 Ra1 54.a5 Bd8+ 55.Kc6
Rc1+ 56.Kb7 Bxa5 57.Rxh6+ Kd7 58.Rh7+ Ke6 59.Re7+ Kf6 60.Re2 Kf7 61.Nc7 Rd1
62.Kc6 Bb4 63.Nd5 Rc1+ 64.Kd7 Bc5 65.Re7+ Kg6 66.Nf4+ Kf5 67.Rf7+ Ke4 68.Ne2
Ra1 69.Kc6 Bxd6 70.Kxd6 Ra6+ 71.Kc5 Ke5 72.Ng3 Ra2 73.Rf5+ Ke6 74.Rh5 Kf6
75.Kd4 Kg6 76.Rh8 Kg7 77.Rh3 Kg6 78.Ne4 Kf5 79.Rf3+ Kg4 80.Rf2 Ra4+ 81.Ke3
Ra3+ 82.Ke2 Ra4 83.Nd2 Kh3 84.Nf1 Ra2+ 85.Kf3 Ra8 86.Ke4 Re8+ 87.Kd3 Rd8+
88.Ke2 Re8+ 89.Ne3 Ra8 90.Kd3 Rd8+ 91.Ke4 Re8+ 92.Kf4 { ?? } ( { ? } 92.Kd4
Rd8+ 93.Nd5 Re8 94.Nf4+ { } ) 92...Rf8+ 93.Nf5 Ra8 { ?? } ( { ? } 93...Re8
94.Rc2 Re2 95.Rc7 Rf2+ { } ) 94.Rd2 { ?? } ( { ? } 94.Ke5 Re8+ 95.Kf6 Rd8
96.Rb2 { } ) 94...Ra1 { ?? } ( { ? } 94...Ra2 95.Rd7 Rf2+ 96.Ke4 Kxh2 { } )
95.Ne3 Rh1 96.Rd8 Kxh2 97.Ng4+ Kg2 98.Rd2+ Kf1 99.Ne3+ Kg1 100.Rg2# { } 1-0

[Event "Ch Europe (juniors) (under 18)"]
[Site "masterchessopen.com Urgup (Turkey)"]
[Date "2004.07.30"]
[Round "2"]
[White "Yagiz Yasin Emrah (TUR)"]
[Black "Meszaros Michal (SVK)"]
[Result "0-1"]
[WhiteElo "2147"]
[BlackElo "2322"]

1.d4 g6 2.c4 Nf6 3.Nc3 d5 4.Bf4 Bg7 5.e3 O-O 6.cxd5 Nxd5 7.Nxd5 Qxd5 8.Bxc7
Nc6 9.Ne2 Bg4 10.f3 Bxf3 11.gxf3 Qxf3 12.Rg1 Qxe3 13.Bf4 Qf3 14.Bg2 Qh5
15.Bxc6 bxc6 16.Qb3 c5 17.dxc5 Qxc5 18.Rc1 Qa5+ 19.Bd2 Qe5 20.Bc3 Qxh2 21.Bxg7
Kxg7 22.Rc3 Rab8 23.Qc2 Rb6 24.Rcg3 Rf6 25.R3g2 Qe5 26.Qc1 Rb8 27.Qc3 Qf5
28.Qc1 Rc8 29.Nc3 Rc4 30.Qd2 Rf4 {#R} 0-1

[Event "It (b)"]
[Site "masterchessopen.com Serpukhov (Russia)"]
[Round "0"]
[White "Duisenova Madina (KAZ)"]
[Black "Khudaverdieva Afag (AZE)"]
[Result "1-0"]
[WhiteElo "2171"]
[BlackElo "2086"]

1.d4 Nf6 2.c4 g6 3.Nc3 d5 4.Bf4 Bg7 5.e3 O-O 6.cxd5 Nxd5 7.Nxd5 Qxd5 8.Bxc7
Nc6 9.Ne2 Bf5 10.Nc3 Qd7 11.Bf4 Rad8 12.Be2 e5 13.dxe5 Qe6 14.Qa4 Nxe5 15.O-O
Qb6 16.Qb5 Qxb5 17.Bxb5 Bd3 18.Bxe5 Bxe5 19.Bxd3 Rxd3 20.Rfd1 Rfd8 21.Rxd3
Rxd3 22.Rd1 Rxd1+ 23.Nxd1 Kf8 24.Kf1 Ke7 25.h3 Kd6 26.Ke2 Kc5 27.Kd3 b5 28.g4
a5 29.f3 Bg7 30.f4 Bh8 31.e4 Bg7 32.Nc3 h6 33.h4 Bf6 34.g5 hxg5 35.hxg5 Bg7
36.e5 Bf8 37.Ke4 Be7 38.Ne2 b4 39.b3 Kc6 40.Nc1 Kc5 41.Nd3+ Kc6 42.Kd4 Bd8
43.Kc4 Be7 44.Kd4 Bd8 45.Ke4 Be7 46.Nb2 Kc5 47.Nc4 a4 48.Ne3 axb3 49.axb3 Kc6
50.Nd5 Bc5 51.Nf6 Be7 52.f5 Bc5 53.fxg6 fxg6 54.Nd5 Kd7 55.Nf4 Be7 56.Kd5 Bxg5
57.Nxg6 Bd2 58.e6+ Ke8 59.Ne5 Be1 60.Nc6 Bd2 61.Kd6 Be1 62.e7 Bh4 63.Kc5 Bg5
64.Kxb4 Be3 65.Kc4 Kd7 66.Kd5 Bb6 67.b4 Be3 68.b5 Bb6 69.Ke5 Bf2 70.Kf6 Ke8
71.Ke6 Bc5 72.Kd5 Bf2 73.Kd6 Bb6 74.Ke6 Bf2 75.Nb4 Bc5 76.Nd5 {#r} 1-0

[Event "Ch France (team) (nat.2) 2004/05"]
[Site "masterchessopen.com France"]
[Date "2004.11.06"]
[Round "2"]
[White "Steimer Michel (FRA)"]
[Black "Stromer Alexander (GER)"]
[Result "1-0"]
[WhiteElo "2178"]
[BlackElo "2274"]

1.d4 Nf6 2.c4 g6 3.Nc3 d5 4.Bf4 Bg7 5.e3 O-O 6.cxd5 Nxd5 7.Nxd5 Qxd5 8.Bxc7
Nc6 9.Ne2 Bg4 10.f3 Bxf3 11.gxf3 Qxf3 12.Rg1 e5 13.Rg3 Qh5 14.d5 Rac8 15.d6
Bf6 16.Bh3 Ra8 17.Kf1 Bh4 18.Bg2 e4 19.Bxe4 Bxg3 20.hxg3 Ne5 21.Qd4 Rac8
22.Nf4 Qh2 23.Nd5 Ng4 24.Bg2 Qxg3 25.Qxg4 {#r} 1-0

[Event "It (open)"]
[Site "masterchessopen.com Evry (France)"]
[Date "2005.02.24"]
[Round "5"]
[White "Maisuradze Nino (FRA)"]
[Black "Debray Christopher (FRA)"]
[Result "0-1"]
[WhiteElo "2213"]
[BlackElo "2200"]

1.d4 Nf6 2.c4 g6 3.Nc3 d5 4.Bf4 Bg7 5.e3 O-O 6.cxd5 Nxd5 7.Nxd5 Qxd5 8.Bxc7
Na6 9.Bxa6 Qxg2 10.Qf3 Qxf3 11.Nxf3 bxa6 12.Rc1 Bb7 13.Ke2 Rac8 14.Rhg1 f6
15.Rgd1 Bd5 16.Rc5 e6 17.a3 Rf7 18.Rdc1 Bf8 19.R5c3 g5 20.Ne1 h5 21.Nd3 Kh7
22.f3 Kg6 23.h4 Bg7 24.e4 Bb7 25.hxg5 fxg5 26.Be5 Rxc3 27.bxc3 g4 28.Nf4+ Kh7
29.Nxe6 gxf3+ 30.Kf2 Bh6 31.Rh1 Bxe4 32.Rxh5 Kg6 33.Rh4 Bd5 34.Nc5 Be3+
35.Kxe3 f2 36.Rg4+ Kh5 37.Ne4 {#R} 0-1

[Event "It (open)"]
[Site "masterchessopen.com Bizovac (Croatia)"]
[Date "2005.02.26"]
[Round "5"]
[White "Kizov Atanas (MKD)"]
[Black "Budimir Milan (CRO)"]
[Result "1-0"]
[WhiteElo "2423"]
[BlackElo "2122"]

1.d4 Nf6 2.c4 g6 3.Nc3 d5 4.Bf4 Bg7 5.e3 O-O 6.cxd5 Nxd5 7.Nxd5 Qxd5 8.Bxc7
Bf5 9.Ne2 Na6 10.Nc3 Qc6 11.Bg3 Rfd8 12.Qb3 Rac8 13.f3 Be6 14.Qb5 Qxb5 15.Bxb5
Nb4 16.Kf2 a6 17.Be2 Bh6 18.f4 f5 19.Bh4 Bf8 20.a3 Nc6 21.d5 Bxd5 22.Nxd5 {#r}
1-0

[Event "It (open)"]
[Site "masterchessopen.com Coventry (England)"]
[Date "2005.03.25"]
[Round "3"]
[White "Martyn Rafe (ENG)"]
[Black "Giles Benjamin (NZL)"]
[Result "1-0"]
[WhiteElo "2323"]
[BlackElo "2018"]

1.d4 Nf6 2.c4 g6 3.Nc3 d5 4.Bf4 Bg7 5.e3 O-O 6.cxd5 Nxd5 7.Nxd5 Qxd5 8.Bxc7
Nc6 9.Ne2 Bf5 10.Nc3 Qd7 11.Bg3 Rfd8 12.Be2 Qe8 13.O-O e5 14.d5 e4 15.Nb5 Ne5
16.Nc7 {#r} 1-0

[Event "Ch Chess Club"]
[Site "masterchessopen.com St. Petersburg (Russia)"]
[Date "2005.05.24"]
[Round "8"]
[White "Afonin Sergey (RUS)"]
[Black "Korniushin Nikolay (RUS)"]
[Result "1-0"]
[WhiteElo "2180"]
[BlackElo "2351"]

1.d4 Nf6 2.c4 g6 3.Nc3 d5 4.Bf4 Bg7 5.e3 O-O 6.cxd5 Nxd5 7.Nxd5 Qxd5 8.Bxc7
Nc6 9.Ne2 Bg4 10.f3 Rac8 11.Nc3 Qe6 12.Bf4 Nxd4 13.fxg4 Rfd8 14.Bd3 Qb6 15.Rb1
Ne6 16.Qe2 Nxf4 17.exf4 Qd6 18.Rd1 Qxf4 19.g3 Qf6 20.Rf1 Qc6 21.Rf3 Qb6 22.Kf1
Rd6 23.Bc4 Rxd1+ 24.Nxd1 e6 25.Nc3 Qc6 26.Bb3 a6 27.Qe4 Qb6 28.Qf4 Rf8 29.g5
Qc6 30.Ne4 Bxb2 31.Nf6+ Kg7 32.Kg2 Bc1 33.Qh4 h5 34.gxh6+ Bxh6 35.Qd4 Qc1
36.Nd7+ {#r} 1-0

[Event "Memorial M.Chigorin (open)"]
[Site "masterchessopen.com St.Petersburg (Russia)"]
[Date "2005.10.20"]
[Round "6"]
[White "Kopasov Evgeny (RUS)"]
[Black "Kharitonov Egor (RUS)"]
[Result "1-0"]
[WhiteElo "2076"]
[BlackElo "2217"]

1.d4 Nf6 2.c4 g6 3.Nc3 d5 4.Bf4 Bg7 5.e3 O-O 6.cxd5 Nxd5 7.Nxd5 Qxd5 8.Bxc7
Nc6 9.Ne2 Bg4 10.f3 Rac8 11.Nc3 Qe6 12.Bf4 Nxd4 13.fxg4 Rfd8 14.Bd3 Nc6 15.Qb1
Nb4 16.Be2 Bxc3+ 17.bxc3 Nd5 18.O-O Nxf4 19.Rxf4 Qxe3+ 20.Rf2 Qxc3 21.Qe1 Qc5
22.g3 Rc6 23.Kg2 Rdd6 24.Bf3 Rc7 25.Rd1 b6 26.Rxd6 Qxd6 27.Qd2 Qxd2 28.Rxd2
Kg7 29.g5 h6 30.gxh6+ Kxh6 31.Kf2 Kg7 32.Be4 f5 33.Bd5 Kf6 34.Bb3 b5 35.Rc2
Rxc2+ 36.Bxc2 g5 37.Ke3 e5 38.g4 fxg4 39.Ke4 Ke6 40.Bd1 a5 41.Bxg4+ Kd6 42.Be2
Kc5 43.Kxe5 b4 44.Bd1 Kb5 45.Kf5 a4 46.Kxg5 b3 47.Bxb3 {#r} 1-0

[Event "It (open)"]
[Site "masterchessopen.com Sautron (France)"]
[Date "2005.10.26"]
[Round "5"]
[White "Ivanov Jordan (BUL)"]
[Black "Lesbros Bernard (FRA)"]
[Result "1-0"]
[WhiteElo "2359"]
[BlackElo "2043"]

1.d4 Nf6 2.c4 g6 3.Nc3 d5 4.Bf4 Bg7 5.e3 O-O 6.cxd5 Nxd5 7.Nxd5 Qxd5 8.Bxc7
Na6 9.Bxa6 bxa6 10.Nf3 Bf5 11.O-O Rac8 12.Be5 f6 13.Bg3 Rc2 14.b3 Qa5 15.Qe1
Qa3 16.e4 Bd7 17.Qe3 Rfc8 18.d5 R8c7 19.Bxc7 {#r} 1-0

[Event "It (open) \"]
[Site "masterchessopen.com St.Petersburg (Russia)"]
[Date "2006.07.01"]
[Round "9"]
[White "Kostyuchenko Vladimir (RUS)"]
[Black "Korchagina Viktoria (RUS)"]
[Result "1-0"]
[WhiteElo "2153"]
[BlackElo "2091"]

1.d4 Nf6 2.c4 g6 3.Nc3 d5 4.Bf4 Bg7 5.e3 O-O 6.cxd5 Nxd5 7.Nxd5 Qxd5 8.Bxc7
Na6 9.Bxa6 Qxg2 10.Qf3 Qxf3 11.Nxf3 bxa6 12.Rc1 Bb7 13.Ke2 Rfe8 14.Rc5 e6
15.Rhc1 Re7 16.Ne5 Bd5 17.a3 f6 18.Bd6 Ree8 19.Nc6 Bf8 20.Bxf8 Kxf8 21.Ra5
Rec8 22.Rxa6 Rc7 23.b4 Rac8 24.b5 Ke8 25.Rc5 Bxc6 26.Raxc6 Rxc6 27.Rxc6 Rb8
28.Rxe6+ Kf7 29.Ra6 Rxb5 30.Rxa7+ Ke6 31.a4 Rb2+ 32.Kf3 Ra2 33.a5 Ra3 34.a6
Kd6 35.Ra8 Kc7 36.h4 h5 37.a7 Kb7 38.Rf8 Kxa7 39.Rxf6 {#r} 1-0